Pays les plus pacifiques - Statistiques

Statistiques générales
  • Ce quiz a été pris 143 fois
  • Le résultat moyen est 18 sur 30
Statistiques - réponses
Place Pays Score % Correct
17 Norvège 1,5
91%
7 Suisse 1,37
91%
11 Finlande 1,429
90%
14 Suède 1,461
90%
2 Danemark 1,246
82%
1 Islande 1,192
81%
15 Australie 1,465
77%
8 Canada 1,388
75%
3 Autriche 1,278
73%
12 Irlande 1,433
73%
4 Nouvelle-Zélande 1,287
72%
5 Portugal 1,356
70%
18 Belgique 1,528
69%
9 Japon 1,395
69%
25 Espagne 1,604
66%
21 Pays-Bas 1,541
62%
16 Allemagne 1,486
60%
6 République Tchèque 1,36
60%
24 Slovaquie 1,603
60%
22 Pologne 1,557
56%
10 Slovénie 1,408
55%
19 Hongrie 1,534
52%
26 Croatie 1,622
51%
27 Chili 1,635
42%
20 Singapour 1,535
39%
29 Bulgarie 1,646
37%
13 Bhoutan 1,445
27%
30 Malaisie 1,648
19%
23 Île Maurice 1,559
16%
28 Botswana 1,639
8%
Aucun quiz correspondant
Distribution des résultats
% des personnes avec chaque résultat
Percentile par nombre de réponses
Votre historique - résultats
Vous n’avez pas pris ce quiz